000 00303nam a2200133Ia 4500
005 20251222154331.0
008 251222s9999||||xx |||||||||||||| ||spa||
082 _a863/S17
100 _aSalvador, Tomás
245 0 _aEl Haragán
250 _a1ra.ed.
264 _bCírculo de Lectores
942 _cLIB
999 _c34147
_d34147